000 00290nam a2200109Ia 4500
008 200302s9999 xx 000 0 und d
100 _aNikos A. Salingaros
245 _aTwelve Lectures On Architecture - Algorithmic Sustainable Design
260 _bUmbau
260 _c2010
300 _a252 P.,
999 _c4325
_d4325